| 000 | 01199 a2200205 4500 | ||
|---|---|---|---|
| 001 | 25195 | ||
| 005 | 20260407155535.0 | ||
| 008 | 260407a1974 arg spa d | ||
| 003 | AR-UNSa-BCEJYS | ||
| 040 |
_aAR-UNSa-BCEJYS _bspa _cAR-UNSa-BCEJYS |
||
| 080 |
_a519.24 _xAplicaciones y modelos estadísticos especiales (Muestreo...) |
||
| 245 | 1 | 0 |
_aMuestreo _pguía ágil y precisa de estadística práctica |
| 264 | 1 |
_aBuenos Aires : _bAmericana _c1974 |
|
| 300 |
_a188 p. _c20 cm. |
||
| 505 | _a1. Introducción – 2. Pasos en un muestreo – 3. Errores de muestreo – 4. Algunas aplicaciones de muestreo – 5. Muestreo de datos contables – 6. Encuestas, pronosticadores y ratings de programas – 7. Muestra aleatoria simple – 8. Muestra estratificada – 9. Muestra por conglomerados – 10. Muestra sistemática – 11. Submuestras interpenetrantes replicadas – 12. Otros métodos de muestreo – 13. Procedimientos de estimación – 14. Magnitud de las muestras – 15. Control de calidad – 16. Muestreo de aceptación – 17. Algunos casos de muestreo. | ||
| 942 | _cBK | ||
| 590 | _aniveau_biblio:m niveau_hierar:0 | ||
| 100 | 1 | _aSlonim, Morris James | |
| 700 | 1 | _aMarino, Mario A. | |
| 999 |
_c1306 _d1306 |
||